[Event "East Lansing (MOR/1)"]
[Site "?"]
[Date "1991.??.??"]
[Round "?"]
[White "Stark, Jay"]
[Black "Ashman, Brad"]
[Result "1-0"]
[WhiteElo "1605"]
[BlackElo "1605"]
[PlyCount "71"]
[EventDate "1991.??.??"]

1. e4 e5 2. Nf3 Nc6 3. Bc4 Bc5 4. O-O Nh6 5. c3 O-O 6. d4 exd4 7. cxd4 Bb6 8.
Bxh6 gxh6 9. Qd2 Qf6 10. e5 Qg6 11. d5 Ba5 12. Nc3 Nb4 13. a3 Nc2 14. Rac1 Bxc3
15. Qxc3 Nxa3 16. bxa3 d6 17. Bd3 Bf5 18. Nh4 Qg5 19. Nxf5 Rae8 20. Qxc7 dxe5
21. h4 Qf6 22. Be4 h5 23. d6 Rb8 24. Rc3 h6 25. Ne7+ Kh8 26. g3 Kg7 27. Rf3
Qxf3 28. Bxf3 Kf6 29. Rd1 Rbe8 30. d7 Rxe7 31. d8=Q Rxd8 32. Qxd8 Ke6 33. Qd6+
Kf5 34. Qxe7 f6 35. Qd7+ Kg6 36. Be4+ 1-0

[Event "East Lansing (MOR/4)"]
[Site "?"]
[Date "1991.??.??"]
[Round "?"]
[White "Stanulis, T."]
[Black "Short, T."]
[Result "1/2-1/2"]
[WhiteElo "1605"]
[BlackElo "1605"]
[PlyCount "109"]
[EventDate "1991.??.??"]

1. d4 d5 2. c4 e6 3. Nc3 Nf6 4. Bg5 Be7 5. e3 h6 6. Bh4 Bd7 7. Bxf6 Bxf6 8.
cxd5 c6 9. dxe6 Bxe6 10. Nf3 O-O 11. Bd3 g6 12. Qc2 Kg7 13. O-O-O Nd7 14. h4
Nb6 15. h5 g5 16. Ne5 Bxe5 17. dxe5 Nd5 18. Be2 Qe7 19. Kb1 Nxc3+ 20. Qxc3 Bd5
21. Rhg1 Qe6 22. a3 a5 23. g4 b5 24. f4 b4 25. axb4 axb4 26. Qxb4 Rfb8 27. Qd4
Ba2+ 28. Kc1 Rc8 29. f5 Qe8 30. Qd6 Kh7 31. Qf6 Qf8 32. e6 Re8 33. Rd7 Bxe6 34.
fxe6 Ra1+ 35. Kd2 Qb4+ 36. Qc3 Qxc3+ 37. bxc3 Rxg1 38. Rxf7+ Kg8 39. Bd3 Rxe6
40. Rd7 Rf6 41. Bf5 Kf8 42. Kd3 Rd1+ 43. Ke4 Rxd7 44. Bxd7 Ke7 45. Ke5 Rd6 46.
Bf5 Rd5+ 47. Ke4 Kf6 48. c4 Re5+ 49. Kd4 c5+ 50. Kd3 Re8 51. Bg6 Rd8+ 52. Ke4
Rd7 53. Bf5 Rd6 54. Bc8 Rd1 55. Bf5 1/2-1/2

[Event "East Lansing (MOR/2)"]
[Site "?"]
[Date "1991.??.??"]
[Round "?"]
[White "Stanulis, T."]
[Black "Jointer, William"]
[Result "0-1"]
[WhiteElo "1605"]
[BlackElo "1750"]
[PlyCount "70"]
[EventDate "1991.??.??"]

1. d4 Nf6 2. e3 b6 3. Nd2 Bb7 4. Ngf3 e6 5. a3 c5 6. c3 Be7 7. Rb1 a5 8. Bb5
O-O 9. Qc2 d5 10. Ne5 Nbd7 11. Ndf3 Nxe5 12. Nxe5 Rc8 13. Qa4 Qc7 14. O-O Bd6
15. f4 Ne4 16. Qc2 f6 17. Bd7 fxe5 18. Bxe6+ Kh8 19. Bxc8 Bxc8 20. dxe5 Be7 21.
c4 Qc6 22. cxd5 Qxd5 23. Rd1 Qc6 24. Qd3 Bf5 25. Qd5 Qg6 26. Ra1 Bh3 27. g3
Nxg3 28. hxg3 Qxg3+ 29. Kh1 Qh4 30. Kg1 Rd8 31. Qxd8+ Bxd8 32. Rd2 Qg3+ 33. Kh1
Bh4 34. b3 Qf3+ 35. Kh2 Bg3+ 0-1

[Event "East Lansing (MOR/6)"]
[Site "?"]
[Date "1991.??.??"]
[Round "?"]
[White "Stanulis, T."]
[Black "Dakins, J."]
[Result "0-1"]
[WhiteElo "1605"]
[BlackElo "1605"]
[PlyCount "52"]
[EventDate "1991.??.??"]

1. d4 Nf6 2. e3 g6 3. Bd3 Bg7 4. Nd2 d6 5. h3 Nc6 6. a3 e5 7. c3 O-O 8. Ngf3
Re8 9. Bb5 e4 10. Ng5 h6 11. d5 Nxd5 12. Ngxe4 f5 13. Ng3 f4 14. Bc4 Be6 15.
Ngf1 fxe3 16. Nxe3 Nxe3 17. Bxe6+ Rxe6 18. fxe3 Qh4+ 19. Ke2 Rf6 20. Qb3+ Kh7
21. Nf3 Qe4 22. Bd2 Raf8 23. Rhf1 Ne5 24. Qb4 Qd3+ 25. Ke1 Nxf3+ 26. gxf3 Rxf3
0-1

[Event "East Lansing (MOR/2)"]
[Site "?"]
[Date "1991.??.??"]
[Round "?"]
[White "Sorenson, D."]
[Black "Labiner, Jordan"]
[Result "1-0"]
[WhiteElo "1655"]
[BlackElo "1605"]
[PlyCount "103"]
[EventDate "1991.??.??"]

1. d4 d5 2. c4 e6 3. Nc3 Nf6 4. Bg5 Nbd7 5. e3 c6 6. Nf3 Qa5 7. a3 dxc4 8. Bxf6
Nxf6 9. Bxc4 Nd5 10. Rc1 Nxc3 11. Rxc3 b5 12. b4 Qc7 13. Bd3 a5 14. Bxb5 Bd7
15. Ne5 Qb7 16. Bxc6 Bxc6 17. Nxc6 axb4 18. axb4 Bxb4 19. Nxb4 Qxb4 20. Qc1 Rc8
21. Kd2 Ra8 22. Qb1 Qa5 23. Rhc1 O-O 24. Ke2 Qh5+ 25. Kd2 Qa5 26. Ke1 Rfc8 27.
Qd3 Rxc3 28. Qxc3 Qa6 29. Qc4 Qa5+ 30. Kf1 h6 31. g3 Qd8 32. e4 Qd7 33. h4 Rd8
34. Rd1 Rc8 35. Qb3 Rd8 36. d5 e5 37. Qc3 Qd6 38. Rc1 Qa6+ 39. Kg2 f6 40. Qc7
Qd6 41. Qxd6 Rxd6 42. Rc6 Rd8 43. Kh3 Kf8 44. Kg4 Ke7 45. Rc7+ Rd7 46. Rxd7+
Kxd7 47. Kf5 Ke7 48. Kg6 Kf8 49. d6 Ke8 50. Kxg7 Kd7 51. Kxf6 Kxd6 52. g4 1-0

[Event "East Lansing (MOR/4)"]
[Site "?"]
[Date "1991.??.??"]
[Round "?"]
[White "Sorenson, D."]
[Black "Burke, David"]
[Result "1-0"]
[WhiteElo "1655"]
[BlackElo "1605"]
[PlyCount "93"]
[EventDate "1991.??.??"]

1. d4 e6 2. e4 d5 3. Nc3 Bb4 4. exd5 Bxc3+ 5. bxc3 exd5 6. Bd3 Be6 7. Nf3 h6 8.
O-O Nf6 9. Ba3 b6 10. Ne5 c5 11. Bb5+ Bd7 12. Nxd7 Nbxd7 13. Re1+ Kf8 14. Qe2
g6 15. Qf3 Kg7 16. Bc6 Rc8 17. Bxd5 Re8 18. Re3 cxd4 19. cxd4 Rxe3 20. fxe3
Rxc2 21. Bb3 Rc8 22. Rf1 Qe8 23. Bb2 Qe7 24. e4 Rf8 25. d5 Ne5 26. Qf4 Ned7 27.
Ba4 Qc5+ 28. Kh1 b5 29. Bxf6+ Nxf6 30. Qxf6+ Kg8 31. Bb3 Qc7 32. d6 Qd7 33.
Qxg6+ Kh8 34. Qxh6+ Kg8 35. Rf3 Qg4 36. Rg3 Qxg3 37. hxg3 Rd8 38. Qg6+ Kh8 39.
Qxf7 a5 40. Qf6+ Kh7 41. Qxd8 Kg7 42. Qe7+ Kg6 43. Qf7+ Kg5 44. Qf5+ Kh6 45.
Bf7 Kg7 46. Qg6+ Kf8 47. Qg8# 1-0

[Event "East Lansing (MOR/6)"]
[Site "?"]
[Date "1991.??.??"]
[Round "?"]
[White "Sorenson, D."]
[Black "Brooks, Brion"]
[Result "0-1"]
[WhiteElo "1655"]
[BlackElo "1745"]
[PlyCount "34"]
[EventDate "1991.??.??"]

1. d4 e6 2. c4 Nf6 3. Nf3 Bb4+ 4. Bd2 Bxd2+ 5. Nbxd2 b6 6. Qc2 Bb7 7. e3 Na6 8.
a3 c5 9. Bd3 cxd4 10. exd4 Rc8 11. O-O d5 12. Ne5 O-O 13. Qa4 dxc4 14. Bxc4
Qxd4 15. Ndf3 Bxf3 16. gxf3 Nc5 17. Nc6 Nxa4 0-1

[Event "East Lansing (MOR/4)"]
[Site "?"]
[Date "1991.??.??"]
[Round "?"]
[White "Solski, Jeff"]
[Black "Puryear, Douglas"]
[Result "0-1"]
[WhiteElo "1605"]
[BlackElo "1605"]
[PlyCount "46"]
[EventDate "1991.??.??"]

1. e4 e5 2. f4 exf4 3. Nf3 d6 4. d4 Bg4 5. Bc4 Nf6 6. O-O Nxe4 7. Bxf7+ Kxf7 8.
Bxf4 Bxf3 9. Qxf3 Nf6 10. Bg5 Nbd7 11. Qd5+ Ke8 12. Qb3 Be7 13. Nd2 Rf8 14.
Rae1 c6 15. Qxb7 Qb8 16. Qxc6 Qc8 17. Qxd6 Qd8 18. Nc4 Rf7 19. Qe6 Kf8 20. Nd6
Bxd6 21. Qxd6+ Kg8 22. Qe6 Qb6 23. Qd5 Nxd5 0-1

[Event "East Lansing (MOR/2)"]
[Site "?"]
[Date "1991.??.??"]
[Round "?"]
[White "Solski, Jeff"]
[Black "Hubbell, W."]
[Result "1-0"]
[WhiteElo "1605"]
[BlackElo "1605"]
[PlyCount "41"]
[EventDate "1991.??.??"]

1. e4 e5 2. f4 exf4 3. Nf3 Nc6 4. Bc4 d6 5. d4 Bg4 6. O-O Qd7 7. Bb5 O-O-O 8.
d5 Nge7 9. Bxf4 f6 10. Qd3 Kb8 11. Nbd2 Nb4 12. Qc4 c6 13. dxc6 Nexc6 14. a3
Bxf3 15. Nxf3 Qg4 16. Bg3 Ne5 17. Qxb4 d5 18. Qd4 Be7 19. Nxe5 dxe4 20. Nc6+
Ka8 21. Qxa7# 1-0

[Event "East Lansing (MOR/6)"]
[Site "?"]
[Date "1991.??.??"]
[Round "?"]
[White "Solski, Jeff"]
[Black "Gramlich, Allen"]
[Result "1-0"]
[WhiteElo "1605"]
[BlackElo "1605"]
[PlyCount "63"]
[EventDate "1991.??.??"]

1. e4 e5 2. f4 Nc6 3. Nf3 d6 4. Bc4 h6 5. Bxf7+ Kxf7 6. O-O Nf6 7. Nc3 Be6 8.
d4 Nd7 9. d5 Bxd5 10. Nxd5 Nc5 11. fxe5 dxe5 12. Nxe5+ Kg8 13. Ng6 Nxe4 14.
Rxf8+ Qxf8 15. Nxf8 Rxf8 16. Nf4 Rd8 17. Qf3 Re8 18. Be3 Kh7 19. Rf1 Rhf8 20.
Qh5 Ne5 21. Qd1 Rd8 22. Qe2 a6 23. Ne6 Rxf1+ 24. Kxf1 Re8 25. Bd4 Rxe6 26.
Qxe4+ g6 27. Bxe5 c5 28. Qd5 Re7 29. Qxc5 Rf7+ 30. Ke2 g5 31. b4 Rf5 32. h3 1-0

[Event "East Lansing (MOR/2)"]
[Site "?"]
[Date "1991.??.??"]
[Round "?"]
[White "Smith, Robert"]
[Black "Rubel, J."]
[Result "1-0"]
[WhiteElo "1695"]
[BlackElo "1605"]
[PlyCount "45"]
[EventDate "1991.??.??"]

1. d4 Nf6 2. c4 d6 3. Nc3 g6 4. e4 Bg7 5. Nf3 Bg4 6. Be2 Bxf3 7. Bxf3 c6 8. Be3
O-O 9. g4 Qc7 10. h4 Nfd7 11. Qd2 e5 12. d5 Nb6 13. b3 c5 14. Bh6 a6 15. Bxg7
Kxg7 16. h5 Qe7 17. hxg6 fxg6 18. Qh6+ Kg8 19. Ke2 N8d7 20. Rh3 Qg7 21. Qg5 Qf6
22. Qh6 g5 23. Qxh7# 1-0

[Event "East Lansing (MOR/6)"]
[Site "?"]
[Date "1991.??.??"]
[Round "?"]
[White "Smith, Robert"]
[Black "Jointer, William"]
[Result "1-0"]
[WhiteElo "1695"]
[BlackElo "1750"]
[PlyCount "155"]
[EventDate "1991.??.??"]

1. d4 Nf6 2. c4 e5 3. dxe5 Ng4 4. Nf3 Nc6 5. Bf4 Bb4+ 6. Nbd2 d6 7. exd6 cxd6
8. a3 Bc5 9. e3 a5 10. Ne4 O-O 11. Bxd6 Bxd6 12. Nxd6 Qf6 13. Nxc8 Qxb2 14. Be2
Raxc8 15. O-O Rfd8 16. Qe1 Nf6 17. Rb1 Qxa3 18. Rxb7 Ne4 19. Bd1 Nc5 20. Rb5
Nd3 21. Qe2 Ncb4 22. Nd2 Ra8 23. Qf3 Ra7 24. Rb7 Rxb7 25. Qxb7 g6 26. Qe7 Rf8
27. Ne4 Nc2 28. Nf6+ Kh8 29. c5 Qxc5 30. Qxc5 Nxc5 31. Bxc2 Kg7 32. Ng4 Ra8 33.
Ra1 f5 34. Ne5 Kf6 35. Nc4 a4 36. Bxa4 Nxa4 37. Nb2 Nb6 38. Rxa8 Nxa8 39. Nc4
Nc7 40. h4 Nd5 41. Kh2 Nc3 42. f3 Ke6 43. g4 Kd5 44. gxf5 gxf5 45. Nd2 h5 46.
Nf1 Nd1 47. Ng3 Nxe3 48. Nxh5 Ke5 49. Kg3 Nd5 50. f4+ Ke6 51. Kf3 Kf7 52. Ng3
Kf6 53. h5 Ne7 54. Kg2 Kg7 55. Kh3 Kf6 56. Kh4 Nd5 57. Ne2 Ne7 58. Nd4 Nd5 59.
Ne2 Ne7 60. Nc3 Kg7 61. Kg5 Kf7 62. Nb5 Kg7 63. Nd6 Nd5 64. Nxf5+ Kh7 65. Nd6
Nc7 66. f5 Nd5 67. Ne8 Nb6 68. h6 Kh8 69. f6 Nd7 70. f7 Nf8 71. Nf6 Ne6+ 72.
Kf5 Nf8 73. Ke5 Ng6+ 74. Ke6 Nf8+ 75. Ke7 Ng6+ 76. Ke8 Nf8 77. Nd7 Ng6 78. Ne5
1-0

[Event "East Lansing (MOR/4)"]
[Site "?"]
[Date "1991.??.??"]
[Round "?"]
[White "Smith, Robert"]
[Black "Brotherton, D."]
[Result "1-0"]
[WhiteElo "1695"]
[BlackElo "1605"]
[PlyCount "61"]
[EventDate "1991.??.??"]

1. d4 d5 2. c4 e6 3. Nc3 c5 4. cxd5 exd5 5. e3 Nf6 6. Bd3 c4 7. Bc2 a6 8. a4
Bb4 9. Bd2 Bxc3 10. bxc3 Nc6 11. Ne2 O-O 12. Ng3 Re8 13. f3 Rb8 14. O-O b5 15.
axb5 axb5 16. Rb1 Qd6 17. e4 dxe4 18. fxe4 Nxd4 19. Bf4 Qb6 20. Qxd4 Qxd4+ 21.
cxd4 Rb7 22. Bd6 Rd8 23. e5 Ne8 24. Bc5 Nc7 25. Be4 Nd5 26. Rfc1 Kh8 27. Rc2
Kg8 28. Rcb2 Nc3 29. Bxb7 Nxb1 30. Bxc8 Rxc8 31. Rxb1 1-0

[Event "East Lansing (MOR/3)"]
[Site "?"]
[Date "1991.??.??"]
[Round "?"]
[White "Smith, Lester"]
[Black "Workman, K."]
[Result "0-1"]
[WhiteElo "1605"]
[BlackElo "1605"]
[PlyCount "72"]
[EventDate "1991.??.??"]

1. e4 a6 2. d4 b5 3. Nc3 Bb7 4. Bd3 e6 5. Nf3 h6 6. Bf4 Bb4 7. O-O Bxc3 8. bxc3
Ne7 9. Rb1 d5 10. e5 Nd7 11. Qd2 c5 12. c4 dxc4 13. Be2 Nd5 14. Bg3 c3 15. Qe1
b4 16. a3 O-O 17. axb4 cxb4 18. Bc4 a5 19. Bxd5 Bxd5 20. Qe2 Nb6 21. Rfd1 Qc7
22. Ne1 Nc4 23. Bf4 Nb2 24. Rdc1 Qc4 25. Nd3 Nxd3 26. cxd3 Qxd4 27. g3 Qc5 28.
Be3 Qb5 29. Rxc3 Qb7 30. Qg4 Kh7 31. Rc2 b3 32. Qa4 Qb4 33. Qd7 Qg4 34. Rd2 Qf3
35. Kf1 Qh1+ 36. Ke2 Bf3# 0-1

[Event "East Lansing (MOR/1)"]
[Site "?"]
[Date "1991.??.??"]
[Round "?"]
[White "Smith, Lester"]
[Black "Wanshon, Kevin"]
[Result "0-1"]
[WhiteElo "1605"]
[BlackElo "1705"]
[PlyCount "64"]
[EventDate "1991.??.??"]

1. e4 c6 2. Bc4 d5 3. exd5 cxd5 4. Bb3 Nf6 5. Nc3 Nc6 6. d4 e6 7. Nf3 Be7 8.
Bg5 h6 9. Bh4 a6 10. O-O O-O 11. Re1 b5 12. a3 Na5 13. Ba2 Nc4 14. Ne5 Qc7 15.
Bg3 Bd6 16. b3 Nxa3 17. Re3 b4 18. Na4 Nxc2 19. Rc1 Nxe3 20. fxe3 Qb7 21. Bb1
Bd7 22. Nxf7 Rxf7 23. Bxd6 Bxa4 24. bxa4 a5 25. Qd3 Ne4 26. Be5 Rc8 27. Bc2 Rf2
28. Qb5 Qxb5 29. axb5 Rcxc2 30. Rxc2 Rxc2 31. Kf1 b3 32. Ke1 b2 0-1

[Event "East Lansing (MOR/7)"]
[Site "?"]
[Date "1991.??.??"]
[Round "?"]
[White "Smith, Lester"]
[Black "Gramlich, Allen"]
[Result "0-1"]
[WhiteElo "1605"]
[BlackElo "1605"]
[PlyCount "80"]
[EventDate "1991.??.??"]

1. e4 d6 2. d4 g6 3. Nc3 Nf6 4. Nf3 Nbd7 5. Bc4 Bg7 6. Bg5 b6 7. Qd2 h6 8. Bh4
g5 9. Bg3 Bb7 10. e5 dxe5 11. dxe5 Ng4 12. e6 fxe6 13. Bxe6 Nde5 14. Nd4 Bxg2
15. Bxe5 Nxe5 16. Qe2 Qxd4 17. Qh5+ Kd8 18. Rd1 Qxd1+ 19. Qxd1+ Ke8 20. Bd5
Bxh1 21. Bxh1 Rd8 22. Qh5+ Nf7 23. Bd5 Bxc3+ 24. bxc3 Rxd5 25. Qg4 Kd8 26. Qf3
Re5+ 27. Kf1 Ke8 28. Qc6+ Kf8 29. Qa8+ Kg7 30. Qxa7 Ra5 31. Qxc7 Rxa2 32. Qxb6
Rxc2 33. Qd4+ Kf8 34. c4 e5 35. Qd5 Kg7 36. Qc5 g4 37. Qc7 Rd8 38. c5 Rdd2 39.
c6 Rxf2+ 40. Kg1 Rfd2 0-1

[Event "East Lansing (MOR/5)"]
[Site "?"]
[Date "1991.??.??"]
[Round "?"]
[White "Smith, Lester"]
[Black "Ashman, Brad"]
[Result "1-0"]
[WhiteElo "1605"]
[BlackElo "1605"]
[PlyCount "85"]
[EventDate "1991.??.??"]

1. e4 e5 2. Nf3 Nf6 3. Nc3 Nc6 4. Bc4 Bc5 5. d3 O-O 6. Bg5 Be7 7. Qd2 Ng4 8.
Bxe7 Qxe7 9. Nd5 Qd8 10. O-O Nf6 11. Rfe1 Nxd5 12. Bxd5 Nd4 13. Nxe5 d6 14. Nc4
Be6 15. Ne3 c6 16. Bc4 Bxc4 17. Nxc4 b6 18. c3 b5 19. cxd4 bxc4 20. dxc4 d5 21.
b3 Re8 22. Qf4 dxc4 23. Qe3 cxb3 24. axb3 f6 25. Rec1 Re6 26. Ra6 Qd7 27. f3
Rc8 28. Rca1 Rd6 29. Rxa7 Qd8 30. Rd1 c5 31. Ra4 Qb6 32. Rc1 Kf7 33. dxc5 Rd1+
34. Rxd1 Rxc5 35. b4 Qb5 36. Ra7+ Kg6 37. Qxc5 Qe2 38. Qf5+ Kh6 39. Qh3+ Kg6
40. Qg4+ Kh6 41. Qxg7+ Kh5 42. Rd5+ Kh4 43. Qg4# 1-0

[Event "Ann Arbor (HVA/1/7)"]
[Site "?"]
[Date "1991.??.??"]
[Round "?"]
[White "Smith, Ed"]
[Black "Rosebrook, G."]
[Result "1-0"]
[WhiteElo "1810"]
[BlackElo "1605"]
[PlyCount "75"]
[EventDate "1991.??.??"]

{1/(7)} 1. f4 e6 2. b3 Nc6 3. Bb2 Nf6 4. Nf3 Be7 5. e3 d6 6. Bb5 Bd7 7. O-O a6
8. Be2 Nb4 9. a3 Nbd5 10. c4 Nb6 11. Nc3 c5 12. d4 d5 13. Qd2 O-O 14. dxc5 Bxc5
15. b4 Be7 16. c5 Nc4 17. Bxc4 dxc4 18. Qe2 b5 19. Ne5 Qc7 20. Nxd7 Nxd7 21. a4
Qb7 22. axb5 axb5 23. e4 Rfe8 24. e5 Qc6 25. Ne4 g6 26. Nd6 Rf8 27. Bc3 h6 28.
Ra2 Kh7 29. Rfa1 Rad8 30. Ra6 Qd5 31. Rd1 Qxd1+ 32. Qxd1 Rb8 33. Bd4 Bxd6 34.
Rxd6 Rbd8 35. Bf2 Nb8 36. Rxd8 Rxd8 37. Qxd8 Nc6 38. Qe8 1-0

[Event "Ann Arbor (HVA/3/3)"]
[Site "?"]
[Date "1991.??.??"]
[Round "?"]
[White "Smith, Ed"]
[Black "June, Brian"]
[Result "1-0"]
[WhiteElo "1810"]
[BlackElo "1870"]
[PlyCount "99"]
[EventDate "1991.??.??"]

{3/(3)} 1. f4 c5 2. c4 g6 3. Nf3 Bg7 4. Nc3 Nc6 5. e3 d6 6. Be2 e6 7. O-O Nge7
8. d4 O-O 9. d5 exd5 10. cxd5 Na5 11. Ng5 h6 12. Nge4 Bf5 13. g4 Bxe4 14. Nxe4
f5 15. Nc3 fxg4 16. Bxg4 Nf5 17. Qe2 Qh4 18. Bxf5 Rxf5 19. Bd2 Rh5 20. Be1 Qe7
21. Rd1 Re8 22. Bf2 a6 23. Qd3 Qf7 24. Bg3 c4 25. Qd2 Qd7 26. Ne2 Qg4 27. Nc3
b5 28. Rde1 b4 29. Nd1 c3 30. bxc3 bxc3 31. Nxc3 Rh3 32. Nd1 Nc4 33. Qg2 Rh5
34. e4 Rb8 35. Qe2 Qxe2 36. Rxe2 Bd4+ 37. Bf2 Bxf2+ 38. Nxf2 Rh4 39. Rc1 Na5
40. Nd3 Rh3 41. Rd2 Re3 42. Re1 Rxe1+ 43. Nxe1 Rb1 44. Kf2 Kf7 45. Rc2 Kf6 46.
Nf3 Rd1 47. Ke2 Rh1 48. e5+ Kf5 49. e6 Kf6 50. Rc7 1-0

[Event "Ann Arbor (HVA/5/1)"]
[Site "?"]
[Date "1991.??.??"]
[Round "?"]
[White "Smith, Ed"]
[Black "Aldrich, Jeff"]
[Result "1-0"]
[WhiteElo "1810"]
[BlackElo "1900"]
[PlyCount "87"]
[EventDate "1991.??.??"]

{5/(1)} 1. f4 d5 2. Nf3 c5 3. e3 Nc6 4. Bb5 Bd7 5. O-O e6 6. b3 Nf6 7. Bb2 Be7
8. Nc3 a6 9. Bxc6 Bxc6 10. Ne5 Qc7 11. Nxc6 Qxc6 12. Qf3 Rc8 13. Ne2 Ne4 14.
Rad1 Bf6 15. Be5 Ke7 16. d3 Nd6 17. g4 Rcf8 18. Ng3 d4 19. e4 Rhg8 20. Bxd6+
Qxd6 21. e5 Bxe5 22. fxe5 Qxe5 23. Qxb7+ Kd8 24. Ne4 f5 25. Qb6+ Ke8 26. gxf5
exf5 27. Rde1 fxe4 28. Rxe4 Rxf1+ 29. Kxf1 Rf8+ 30. Ke2 Qxe4+ 31. dxe4 Rf6 32.
Qxc5 Rh6 33. Qe5+ Kf7 34. Kd3 Re6 35. Qxd4 g5 36. Qd5 h6 37. c4 Kf6 38. Qf5+
Ke7 39. e5 a5 40. Kd4 Ra6 41. Qh7+ Kf8 42. Kd5 a4 43. e6 Ra5+ 44. Ke4 1-0

[Event "East Lansing (MOR/3)"]
[Site "?"]
[Date "1991.??.??"]
[Round "?"]
[White "Smeckert, Dennis"]
[Black "Vaka, Flamur"]
[Result "0-1"]
[WhiteElo "1605"]
[BlackElo "1640"]
[PlyCount "52"]
[EventDate "1991.??.??"]

1. e4 e5 2. Nf3 Nc6 3. Bb5 a6 4. Bxc6 dxc6 5. O-O Bg4 6. h3 Bh5 7. d3 Qf6 8.
Nbd2 Bb4 9. c3 Bc5 10. Qe1 O-O-O 11. g4 Bg6 12. Qe2 Qd6 13. Ne1 h5 14. Kg2 Kb8
15. g5 h4 16. Nb3 Bb6 17. f4 Bh5 18. Qc2 f6 19. fxe5 fxe5 20. c4 Qe6 21. c5 Ba7
22. Qf2 Ne7 23. Be3 Ng6 24. Qf5 Qe7 25. Qf7 Nf4+ 26. Rxf4 Bxf7 0-1

[Event "East Lansing (MOR/5)"]
[Site "?"]
[Date "1991.??.??"]
[Round "?"]
[White "Smeckert, Dennis"]
[Black "Stanulis, T."]
[Result "0-1"]
[WhiteElo "1605"]
[BlackElo "1605"]
[PlyCount "36"]
[EventDate "1991.??.??"]

1. e4 c5 2. c4 Nc6 3. Nc3 g6 4. f4 e6 5. d3 Bg7 6. Bd2 a6 7. Nf3 Nge7 8. g4 d5
9. cxd5 exd5 10. e5 Bxg4 11. Qe2 Nd4 12. Qg2 Bxf3 13. Rc1 Bxg2 14. Bxg2 Rc8 15.
h4 c4 16. Kf2 cxd3 17. Bh3 Nef5 18. Bxf5 Nxf5 0-1

[Event "Ann Arbor (HVA/2/8)"]
[Site "?"]
[Date "1991.??.??"]
[Round "?"]
[White "Smeckert, Dennis"]
[Black "McGrath, Michael"]
[Result "1-0"]
[WhiteElo "1605"]
[BlackElo "1605"]
[PlyCount "117"]
[EventDate "1991.??.??"]

{2/(8)} 1. e4 c5 2. Nc3 Nc6 3. g3 d6 4. Bg2 g6 5. d3 Bg7 6. Nge2 Bg4 7. Bd2 Nd4
8. Rb1 Nf3+ 9. Kf1 Nxd2+ 10. Qxd2 Bh6 11. Qe1 Nf6 12. h3 Be6 13. b3 O-O 14. e5
dxe5 15. Bxb7 Rb8 16. Bf3 Qd7 17. Kg2 Rb6 18. Na4 Bd5 19. Ng1 Rc6 20. Rd1 Qf5
21. c4 Bxf3+ 22. Nxf3 e4 23. dxe4 Nxe4 24. Rd5 Qe6 25. Re5 Qf6 26. Qxe4 Re6 27.
Nxc5 Rd6 28. Re1 e6 29. Qb7 Bd2 30. Ne4 Qd8 31. Nexd2 Rxd2 32. Nxd2 Qxd2 33.
R5e2 Qa5 34. b4 Qa4 35. c5 a5 36. b5 Rd8 37. Qe4 Qxb5 38. c6 Rd5 39. Rc2 Qb8
40. c7 Qc8 41. Rec1 f5 42. Qe3 Rd7 43. Qxe6+ Kf8 44. Qxd7 Qxd7 45. c8=Q+ Qxc8
46. Rxc8+ Kg7 47. R1c6 a4 48. Ra8 Kh6 49. Rxa4 f4 50. g4 f3+ 51. Kg3 Kg7 52. h4
Kh6 53. Rf4 Kg7 54. a4 Kh6 55. a5 Kg7 56. a6 Kh6 57. a7 Kg7 58. g5 h5 59. Rc7+
1-0

[Event "Ann Arbor (HVA/4/8)"]
[Site "?"]
[Date "1991.??.??"]
[Round "?"]
[White "Smeckert, Dennis"]
[Black "Jordan, Willie"]
[Result "0-1"]
[WhiteElo "1605"]
[BlackElo "1675"]
[PlyCount "104"]
[EventDate "1991.??.??"]

{4/(8)} 1. e4 c6 2. d4 d5 3. exd5 cxd5 4. Nf3 Bf5 5. Bd3 Bxd3 6. Qxd3 Nf6 7.
O-O e6 8. Bd2 Bd6 9. a3 Nbd7 10. Bb4 Bxb4 11. axb4 a6 12. Nbd2 O-O 13. Ra3 Qe7
14. Rfa1 e5 15. dxe5 Nxe5 16. Nxe5 Qxe5 17. c3 Rfe8 18. Nf3 Qe2 19. Qxe2 Rxe2
20. b5 Rxb2 21. bxa6 bxa6 22. h3 Rb6 23. Nd4 Kf8 24. Nb3 Ne8 25. Nc5 Ke7 26.
Rxa6 Rbxa6 27. Rxa6 Rxa6 28. Nxa6 Nd6 29. Nb4 Ke6 30. Kf1 Nb5 31. Na2 Ke5 32.
Ke2 Ke4 33. f3+ Kf4 34. Kf2 h5 35. g3+ Ke5 36. Ke3 g5 37. Nc1 Nxc3 38. Nd3+ Kd6
39. f4 f6 40. fxg5 fxg5 41. h4 gxh4 42. gxh4 Ne4 43. Kf4 Ke6 44. Ke3 Kf5 45.
Kd4 Nf6 46. Ke3 Kg4 47. Nf2+ Kxh4 48. Kf4 Ne4 49. Nh1 Kh3 50. Ke5 Kg2 51. Kxd5
Ng3 52. Nxg3 Kxg3 0-1

[Event "East Lansing (MOR/1)"]
[Site "?"]
[Date "1991.??.??"]
[Round "?"]
[White "Smeckert, Dennis"]
[Black "Imai, Toshio"]
[Result "0-1"]
[WhiteElo "1605"]
[BlackElo "1720"]
[PlyCount "50"]
[EventDate "1991.??.??"]

1. e4 e5 2. Nf3 Nc6 3. Bb5 Bc5 4. Bxc6 dxc6 5. O-O Bg4 6. h3 h5 7. d3 Qf6 8.
Nbd2 Ne7 9. b3 Ng6 10. Nc4 Bd4 11. hxg4 hxg4 12. Bg5 Qe6 13. Nxd4 exd4 14. g3
f6 15. Bd2 O-O-O 16. f4 f5 17. Qe2 Rh3 18. Rf2 Rdh8 19. Rh2 Rxg3+ 20. Kh1 Rxh2+
21. Kxh2 Rh3+ 22. Kg1 Nh4 23. Be1 Nf3+ 24. Kf1 Rh1+ 25. Kf2 Qh6 0-1

[Event "East Lansing (MOR/4)"]
[Site "?"]
[Date "1991.??.??"]
[Round "?"]
[White "Sledge, Ernest"]
[Black "Wisckol, Richard"]
[Result "1/2-1/2"]
[WhiteElo "1670"]
[BlackElo "1765"]
[PlyCount "118"]
[EventDate "1991.??.??"]

1. e4 a6 2. d4 b5 3. Nf3 Bb7 4. Bd3 e6 5. O-O Nf6 6. e5 Nd5 7. c3 c5 8. Bc2 h6
9. Nbd2 cxd4 10. cxd4 Nc6 11. a3 Qc7 12. Ne4 Qb6 13. b4 a5 14. Bb2 axb4 15. a4
Be7 16. Qd3 bxa4 17. Bxa4 O-O 18. Rfe1 Ba6 19. Qd1 Bb5 20. Bc2 Na5 21. Bb1 Nc4
22. Qc2 Nxb2 23. Nf6+ Nxf6 24. exf6 g6 25. fxe7 Rfc8 26. Qxb2 Qd6 27. Be4 Rxa1
28. Rxa1 Qxe7 29. h3 d5 30. Bc2 Bc4 31. Ra4 Rb8 32. Ne5 Qc7 33. Qa1 b3 34. Bb1
b2 35. Qa3 Qb6 36. Qe7 Qb7 37. Qf6 Rf8 38. Rb4 Qc7 39. Rxb2 Ra8 40. Rb6 Ra7 41.
Rc6 Qb8 42. Bxg6 fxg6 43. Qxg6+ Rg7 44. Qxe6+ Kh7 45. Qxh6+ Kg8 46. Qe6+ Kh7
47. Rc8 Qb1+ 48. Kh2 Qe4 49. Ng6 Qxg6 50. Qxg6+ Rxg6 51. Rc7+ Kg8 52. g4 Re6
53. Kg3 Re4 54. f4 Rxd4 55. f5 Bf1 56. g5 Rd3+ 57. Kf4 Bxh3 58. g6 Bxf5 59.
Kxf5 Rf3+ 1/2-1/2

[Event "East Lansing (MOR/7)"]
[Site "?"]
[Date "1991.??.??"]
[Round "?"]
[White "Sledge, Ernest"]
[Black "Steverson, Bunnard"]
[Result "0-1"]
[WhiteElo "1670"]
[BlackElo "1785"]
[PlyCount "84"]
[EventDate "1991.??.??"]

1. e4 c5 2. Bc4 d6 3. Nf3 Nc6 4. Nc3 Nf6 5. h3 a6 6. a3 e6 7. d4 cxd4 8. Nxd4
Qc7 9. O-O Be7 10. Be3 O-O 11. Nxc6 Qxc6 12. Bd3 b5 13. f4 Bb7 14. Qe2 Qc7 15.
Qf2 Nd7 16. Qg3 Rac8 17. Kh1 Bf6 18. Bd2 g6 19. Nd1 Bg7 20. Be3 Nf6 21. Nc3 Nh5
22. Qf2 Bxc3 23. bxc3 Qxc3 24. g4 Ng7 25. Bd4 Qc7 26. Kh2 e5 27. fxe5 dxe5 28.
Bb2 Rce8 29. Qf6 Re6 30. Qg5 f6 31. Qe3 Ne8 32. Rac1 Nd6 33. c3 Nc4 34. Qe2 Rd8
35. Rcd1 Red6 36. Rf3 Nxb2 37. Qxb2 Bxe4 38. Bxe4 Rxd1 39. Qb3+ Kg7 40. Qe6 Qd6
41. Qb3 Qd2+ 42. Kg3 Rg1+ 0-1

[Event "East Lansing (MOR/1)"]
[Site "?"]
[Date "1991.??.??"]
[Round "?"]
[White "Sledge, Ernest"]
[Black "Houston, Ryan"]
[Result "1-0"]
[WhiteElo "1670"]
[BlackElo "1605"]
[PlyCount "63"]
[EventDate "1991.??.??"]

1. e4 e5 2. Nf3 Nc6 3. Bc4 Nf6 4. h3 Nxe4 5. O-O Bc5 6. c3 d5 7. Bb3 Bf5 8. d4
exd4 9. cxd4 Bb6 10. Nc3 Nxc3 11. bxc3 O-O 12. Re1 Ba5 13. Bd2 Re8 14. Rxe8+
Qxe8 15. Bxd5 Be4 16. Qb3 b6 17. Re1 Rd8 18. Bxe4 Qd7 19. Bxc6 Qxc6 20. Qxf7+
Kxf7 21. Ne5+ Kf8 22. Nxc6 Ra8 23. Nxa5 bxa5 24. c4 a4 25. d5 Rb8 26. a3 Rb3
27. f3 Rxa3 28. Bb4+ Kf7 29. Bxa3 Kf6 30. Re6+ Kf5 31. Bc1 g6 32. g4# 1-0

[Event "East Lansing (MOR/3)"]
[Site "?"]
[Date "1991.??.??"]
[Round "?"]
[White "Sledge, Ernest"]
[Black "Davis, Michael"]
[Result "1-0"]
[WhiteElo "1670"]
[BlackElo "1605"]
[PlyCount "77"]
[EventDate "1991.??.??"]

1. e4 c5 2. Bc4 d6 3. Nf3 e6 4. Nc3 Nf6 5. O-O Be7 6. h3 O-O 7. d4 cxd4 8. Nxd4
a6 9. a4 Nbd7 10. Be3 Nc5 11. f3 e5 12. Nde2 Ne6 13. Nd5 Nxd5 14. Bxd5 Bg5 15.
Qd2 Bxe3+ 16. Qxe3 Kh8 17. f4 Nxf4 18. Nxf4 exf4 19. Rxf4 f5 20. Raf1 Qg5 21.
Kh1 Bd7 22. b3 Rac8 23. c4 b5 24. axb5 axb5 25. Qb6 bxc4 26. bxc4 h6 27. Qxd6
Rfd8 28. Qa3 Bc6 29. Rxf5 Qh4 30. Rf8+ Kh7 31. R8f4 Qg5 32. Qa1 Ra8 33. Qd4 Ra2
34. Rg4 Rd2 35. Qc3 Qe7 36. Qxd2 Bd7 37. Rf7 Qe8 38. Rgxg7+ Kh8 39. Qxh6# 1-0